[Event "EU-Cup 37th"]
[Site "Mayrhofen"]
[Date "2022.10.04"]
[Round "2.6"]
[White "Varpanen, Jan"]
[Black "Quinn, John M"]
[Result "1-0"]
[WhiteElo "2106"]
[BlackElo "2122"]
[PlyCount "107"]
[EventDate "2022.10.03"]
[EventType "team-swiss"]
[EventRounds "7"]
[EventCountry "AUT"]
[SourceTitle "CBM 210 Extra"]
[Source "ChessBase"]
[SourceDate "2022.11.30"]
[SourceVersion "1"]
[SourceVersionDate "2022.11.30"]
[SourceQuality "1"]
[WhiteTeam "Vammalan Shakkikerho"]
[BlackTeam "Celtic Tigers"]
[WhiteTeamCountry "FIN"]
[BlackTeamCountry "ENG"]

1. e4 e5 2. Nf3 Nc6 3. Bb5 a6 4. Ba4 Nf6 5. 0-0 Be7 6. Re1 b5 7. Bb3 0-0 8. c3 d5 9. exd5 Nxd5 10. Nxe5 Nxe5 11. Rxe5 c6 12. Re1 Bd6 13. d3 Qh4 14. g3 Qh3 15. Re4 Nf6 16. Rh4 Qf5 17. Bc2 Re8 18. Nd2 c5 19. Ne4 Nxe4 20. dxe4 Qe6 21. e5 Bxe5 22. Bxh7+ Kf8 23. Be4 Ra7 24. Rh8+ Ke7 25. Bg5+ f6 26. Rxe8+ Kxe8 27. Bg6+ Ke7 28. Be3 Rc7 29. Qh5 Qh3 30. Re1 Qxh5 31. Bxh5 Kd8 32. f4 Bd6 33. Rd1 Ke7 34. Re1 Kd8 35. Bf2 Re7 36. Rxe7 Kxe7 37. Bf3 Kf7 38. Kg2 g6 39. Be3 c4 40. a3 Ke6 41. Bg4+ f5 42. Bf3 Kf7 43. Bd5+ Kf8 44. Kf3 Ke7 45. h3 Kf8 46. g4 Be7 47. Bd4 Bd8 48. gxf5 gxf5 49. Kg3 Bd7 50. h4 Be8 51. Be6 Be7 52. Bxf5 a5 53. Kg4 Bf7 54. h5 1-0

[Event "FIN-chT1A 1617"]
[Site "Finland"]
[Date "2016.12.11"]
[Round "4.1"]
[White "Varpanen, Jan"]
[Black "Salo, Tapio"]
[Result "1/2-1/2"]
[WhiteElo "2114"]
[BlackElo "2272"]
[PlyCount "65"]
[EventDate "2016.09.17"]
[EventType "team-tourn"]
[EventRounds "7"]
[EventCountry "FIN"]
[SourceTitle "EXT 2019"]
[Source "ChessBase"]
[SourceDate "2018.10.10"]
[SourceVersion "1"]
[SourceVersionDate "2018.10.10"]
[SourceQuality "1"]
[WhiteTeam "Helsinki HSK"]
[BlackTeam "Loimaa SK"]
[WhiteTeamCountry "FIN"]
[BlackTeamCountry "FIN"]

1. c4 Nf6 2. g3 e6 3. Bg2 d5 4. Nf3 Be7 5. 0-0 0-0 6. d4 dxc4 7. Qc2 a6 8. a4 Bd7 9. Qxc4 Bc6 10. Bg5 a5 11. Nc3 Na6 12. Bxf6 Bxf6 13. e4 Nb4 14. Rfd1 b6 15. Rac1 Bb7 16. Qe2 Rc8 17. h4 g6 18. Qe3 Qe7 19. Bh3 Rcd8 20. e5 Bg7 21. Nd2 c5 22. Nc4 Nd5 23. Nxd5 exd5 24. Nd6 cxd4 25. Qe1 Ba6 26. f4 d3 27. Rc6 f6 28. Rxb6 fxe5 29. Rxa6 Rxd6 30. Rxd6 Qxd6 31. fxe5 Bxe5 32. Rxd3 Qc5+ 33. Kh1 1/2-1/2

[Event "FIN-chT 1516"]
[Site "Finland"]
[Date "2015.10.10"]
[Round "3.3"]
[White "Ronka, Erik"]
[Black "Varpanen, Jan"]
[Result "1/2-1/2"]
[WhiteElo "2250"]
[BlackElo "2093"]
[PlyCount "126"]
[EventDate "2015.09.12"]
[EventType "team-tourn"]
[EventRounds "11"]
[EventCountry "FIN"]
[SourceTitle "EXT 2017"]
[Source "ChessBase"]
[SourceDate "2016.10.25"]
[SourceVersion "1"]
[SourceVersionDate "2016.10.25"]
[SourceQuality "1"]
[WhiteTeam "Vantaa EtVaS"]
[BlackTeam "Helsinki HSK"]
[WhiteTeamCountry "FIN"]
[BlackTeamCountry "FIN"]

1. d4 Nf6 2. c4 g6 3. f3 d5 4. cxd5 Nxd5 5. e4 Nb6 6. Nc3 Bg7 7. Be3 0-0 8. Qd2 Nc6 9. 0-0-0 Qd6 10. Nb5 Qd7 11. f4 Qe6 12. Nc3 Nc4 13. Qe2 N6a5 14. Kb1 b5 15. Bc1 b4 16. Na4 Qc6 17. Qc2 Rb8 18. Bxc4 Qxc4 19. Qxc4 Nxc4 20. Nc5 Rd8 21. Nf3 Bg4 22. d5 Rb5 23. Nb3 f5 24. Nbd4 Bxd4 25. Nxd4 Rb6 26. Rde1 fxe4 27. Nc6 Re8 28. b3 Nd6 29. h3 Bd7 30. Nxa7 Ra8 31. Nc6 Bxc6 32. dxc6 Rxc6 33. Re2 Rca6 34. Rd1 Nb5 35. Bb2 Rxa2 36. Rxe4 Nc3+ 37. Bxc3 bxc3 38. Rd8+ Rxd8 39. Kxa2 Rd2+ 40. Ka3 Kf7 41. Rc4 Rxg2 42. Rxc7 Rf2 43. Rxc3 Rxf4 44. b4 Ke8 45. Ka4 Kd7 46. Ka5 Rf1 47. b5 Ra1+ 48. Kb6 Rb1 49. Rd3+ Kc8 50. Rc3+ Kd7 51. Ka6 e5 52. b6 Kd6 53. b7 e4 54. Rc8 Ra1+ 55. Kb6 Rb1+ 56. Ka7 Ra1+ 57. Kb8 Ra3 58. Rd8+ Ke7 59. Rd4 e3 60. Kc7 Rc3+ 61. Kb6 Rb3+ 62. Kc7 Rc3+ 63. Kb6 Rb3+ 1/2-1/2

[Event "FIN-chT 1415"]
[Site "Finland"]
[Date "2014.10.18"]
[Round "3.5"]
[White "Varpanen, Jan"]
[Black "Alho, Sauli"]
[Result "1-0"]
[WhiteElo "1957"]
[BlackElo "2109"]
[PlyCount "113"]
[EventDate "2014.09.27"]
[EventType "team-tourn"]
[EventRounds "11"]
[EventCountry "FIN"]
[SourceTitle "EXT 2016"]
[Source "ChessBase"]
[SourceDate "2015.10.08"]
[SourceVersion "1"]
[SourceVersionDate "2015.10.08"]
[SourceQuality "1"]
[WhiteTeam "Helsinki HSK"]
[BlackTeam "Sastamala VammSK"]
[WhiteTeamCountry "FIN"]
[BlackTeamCountry "FIN"]

1. d4 d5 2. c4 c6 3. Nf3 Bf5 4. Nc3 e6 5. Qb3 Qb6 6. c5 Qxb3 7. axb3 Nd7 8. b4 f6 9. b5 e5 10. b4 Be4 11. Nd2 Bg6 12. e3 Kf7 13. Nb3 Ne7 14. b6 a6 15. Na5 Rb8 16. Na4 Bc2 17. Nc3 g5 18. Ra2 Bg6 19. h4 gxh4 20. Rxh4 Nf5 21. Rh1 h5 22. g4 Ne7 23. f4 exd4 24. exd4 f5 25. g5 Bg7 26. Nb3 Nf8 27. Rah2 Ne6 28. Be3 Rh7 29. Ne2 Rbh8 30. Rh4 Ke8 31. Ng3 Kd7 32. Be2 Kc8 33. Kd2 Kd8 34. Kc3 Kc8 35. Nd2 a5 36. Nf3 axb4+ 37. Kxb4 Kd7 38. Ra1 Rb8 39. Bd3 Re8 40. Ra7 Rb8 41. Ne2 Rhh8 42. Rh3 Nc8 43. Nh4 Bh7 44. g6 Bg8 45. Nxf5 Nxa7 46. bxa7 Ra8 47. Nxg7 Nxg7 48. f5 Nxf5 49. Bxf5+ Be6 50. Bxe6+ Kxe6 51. Bf4 Rhg8 52. Bb8 Kf5 53. Rxh5+ Kxg6 54. Nf4+ Kf6 55. Be5+ Kf7 56. Rh7+ Ke8 57. Rxb7 1-0

[Event "Tampere We TammerSh TaSK 90"]
[Site "Tampere"]
[Date "2013.??.??"]
[Round "4"]
[White "Jarvenpaa, Jari"]
[Black "Varpanen, Jan"]
[Result "1-0"]
[WhiteElo "2273"]
[BlackElo "1851"]
[PlyCount "39"]
[EventDate "2013.??.??"]
[EventType "swiss"]
[EventRounds "5"]
[EventCountry "FIN"]
[SourceTitle "EXT 2022"]
[Source "ChessBase"]
[SourceDate "2021.10.06"]
[SourceVersion "1"]
[SourceVersionDate "2021.10.06"]
[SourceQuality "1"]

1. e4 e5 2. Nf3 Nc6 3. d4 exd4 4. Bc4 Nf6 5. 0-0 Bc5 6. e5 d5 7. exf6 dxc4 8. Re1+ Kf8 9. Bg5 Qd5 10. Nc3 Qf5 11. Ne4 Bb6 12. fxg7+ Kxg7 13. Bf6+ Kg8 14. Nxd4 Nxd4 15. Bxd4 Bxd4 16. Qxd4 Be6 17. Re3 f6 18. Rf3 Qb5 19. Nxf6+ Kf7 20. Nd5+ 1-0

[Event "Tampere We TammerSh TaSK 90"]
[Site "Tampere"]
[Date "2013.??.??"]
[Round "3"]
[White "Varpanen, Jan"]
[Black "Mertanen, Janne"]
[Result "1-0"]
[WhiteElo "1851"]
[BlackElo "2368"]
[PlyCount "55"]
[EventDate "2013.??.??"]
[EventType "swiss"]
[EventRounds "5"]
[EventCountry "FIN"]
[SourceTitle "EXT 2022"]
[Source "ChessBase"]
[SourceDate "2021.10.06"]
[SourceVersion "1"]
[SourceVersionDate "2021.10.06"]
[SourceQuality "1"]

1. d4 Nf6 2. c4 e6 3. Nc3 c5 4. d5 exd5 5. cxd5 d6 6. e4 g6 7. f4 Bg7 8. Nf3 0-0 9. Be2 Bg4 10. 0-0 Nbd7 11. h3 Bxf3 12. Bxf3 a6 13. g4 b5 14. Qc2 h6 15. Be3 Re8 16. Rae1 Rc8 17. h4 h5 18. g5 Ng4 19. Bxg4 hxg4 20. e5 Nf8 21. Ne4 dxe5 22. f5 gxf5 23. Rxf5 Ng6 24. Qg2 Nxh4 25. Qxg4 Nxf5 26. Qxf5 Rc7 27. d6 Qc8 28. Qxc8 1-0

[Event "Helsinki We HSK 5th"]
[Site "Helsinki"]
[Date "2012.??.??"]
[Round "5"]
[White "Varpanen, Jan"]
[Black "Kilpela, Panu"]
[Result "1-0"]
[WhiteElo "1803"]
[BlackElo "2066"]
[PlyCount "57"]
[EventDate "2012.??.??"]
[EventType "swiss"]
[EventRounds "5"]
[EventCountry "FIN"]
[SourceTitle "EXT 2022"]
[Source "ChessBase"]
[SourceDate "2021.10.06"]
[SourceVersion "1"]
[SourceVersionDate "2021.10.06"]
[SourceQuality "1"]

1. d4 d6 2. e4 g6 3. Nc3 Bg7 4. Be3 Nc6 5. Nge2 e5 6. d5 Nce7 7. Qd2 f5 8. f3 a6 9. 0-0-0 Nf6 10. Kb1 b5 11. exf5 gxf5 12. Bh6 Rg8 13. Bxg7 Rxg7 14. Qh6 Rg6 15. Qh4 Bb7 16. f4 e4 17. g4 Nxg4 18. Bh3 Nf6 19. Nd4 Qd7 20. Rhg1 Kf7 21. Nxe4 Rf8 22. Nxf6 Rxf6 23. Qxh7+ Ke8 24. Rg7 Bxd5 25. Re1 Be6 26. Bxf5 Nxf5 27. Rxd7 Rh6 28. Rxe6+ Rxe6 29. Nxe6 1-0

[Event "FIN-chT1B 1112"]
[Site "Finland"]
[Date "2011.11.19"]
[Round "3.8"]
[White "Varpanen, Jan"]
[Black "Pasanen, Tuomo Tapio"]
[Result "0-1"]
[WhiteElo "1803"]
[BlackElo "1977"]
[PlyCount "72"]
[EventDate "2011.09.17"]
[EventType "team-tourn"]
[EventRounds "7"]
[EventCountry "FIN"]
[SourceTitle "EXT 2019"]
[Source "ChessBase"]
[SourceDate "2018.10.10"]
[SourceVersion "1"]
[SourceVersionDate "2018.10.10"]
[SourceQuality "1"]
[WhiteTeam "Helsinki HSK II"]
[BlackTeam "Helsinki HSK"]
[WhiteTeamCountry "FIN"]
[BlackTeamCountry "FIN"]

1. c4 c6 2. g3 d5 3. Nf3 Nf6 4. Bg2 Bg4 5. Ne5 Bh5 6. cxd5 Nxd5 7. 0-0 Nd7 8. Nf3 e5 9. Nc3 Bd6 10. e4 Nc7 11. d4 Ne6 12. Be3 Qf6 13. d5 Bxf3 14. Bxf3 Nd4 15. Bg2 c5 16. f4 0-0 17. f5 c4 18. g4 h6 19. g5 hxg5 20. Qd2 Bc5 21. Kh1 Qh6 22. Bxg5 Qh5 23. f6 Nxf6 24. Bxf6 gxf6 25. d6 Kg7 26. Rg1 Kh8 27. Nd5 Ne2 28. Bf3 Qxf3+ 29. Rg2 Nf4 30. Nxf4 exf4 31. Qe1 Qh3 32. Qc3 Qxc3 33. bxc3 Bxd6 34. Rd1 Rad8 35. Rg4 Bc5 36. Rf1 Be3 0-1

[Event "Helsinki We HSK 8th Group A"]
[Site "Helsinki"]
[Date "2011.08.28"]
[Round "4"]
[White "Varpanen, Jan"]
[Black "Smeds, Tom"]
[Result "1-0"]
[WhiteElo "1714"]
[BlackElo "1939"]
[PlyCount "53"]
[EventDate "2011.08.26"]
[EventType "swiss"]
[EventRounds "5"]
[EventCountry "FIN"]
[SourceTitle "EXT 2022"]
[Source "ChessBase"]
[SourceDate "2021.10.06"]
[SourceVersion "1"]
[SourceVersionDate "2021.10.06"]
[SourceQuality "1"]

1. c4 g6 2. g3 Bg7 3. Bg2 d6 4. Nf3 f5 5. d4 Nf6 6. 0-0 0-0 7. Nc3 c6 8. d5 Bd7 9. Rb1 c5 10. e4 Nxe4 11. Nxe4 fxe4 12. Ng5 Qc8 13. Bxe4 Na6 14. Nxh7 Bf5 15. Bxf5 Qxf5 16. Nxf8 Qxb1 17. Ne6 Qf5 18. Bg5 Bf6 19. Bxf6 exf6 20. Qb3 Nb4 21. a3 Qc2 22. Qe3 Kh7 23. axb4 cxb4 24. Nc7 Rg8 25. Qf4 Qxb2 26. Qh4+ Kg7 27. Ne6+ 1-0

[Event "Helsinki We HSK 8th Group A"]
[Site "Helsinki"]
[Date "2011.08.27"]
[Round "2"]
[White "Kumpulainen, Jari"]
[Black "Varpanen, Jan"]
[Result "0-1"]
[WhiteElo "1924"]
[BlackElo "1714"]
[PlyCount "76"]
[EventDate "2011.08.26"]
[EventType "swiss"]
[EventRounds "5"]
[EventCountry "FIN"]
[SourceTitle "EXT 2022"]
[Source "ChessBase"]
[SourceDate "2021.10.06"]
[SourceVersion "1"]
[SourceVersionDate "2021.10.06"]
[SourceQuality "1"]

1. e4 c6 2. d4 d5 3. exd5 cxd5 4. c4 Nf6 5. Nc3 e6 6. Nf3 Bb4 7. Bd3 0-0 8. 0-0 dxc4 9. Bxc4 Bxc3 10. bxc3 Qc7 11. Qe2 b6 12. Bd2 Bb7 13. Bd3 h6 14. Rfc1 Nc6 15. h3 Rad8 16. Be3 e5 17. Bb5 exd4 18. cxd4 Qd6 19. Qc2 Rc8 20. Qa4 a5 21. Rab1 Nb4 22. Be2 Bc6 23. Qa3 Bd5 24. Bd2 Qe6 25. Bxb4 axb4 26. Qe3 Qxe3 27. fxe3 Bxa2 28. Rxc8 Bxb1 29. Rc4 Nd5 30. Kf2 Ba2 31. Rc6 Re8 32. Ne5 f6 33. Nd7 Rxe3 34. Nxb6 Rc3 35. Bc4 Bxc4 36. Nxc4 b3 37. Rc5 Nb4 38. Rc8+ Kh7 0-1

[Event "Helsinki We HSK 8th Group A"]
[Site "Helsinki"]
[Date "2011.08.26"]
[Round "1"]
[White "Varpanen, Jan"]
[Black "Elomaa, Arto"]
[Result "1-0"]
[WhiteElo "1714"]
[BlackElo "1873"]
[PlyCount "47"]
[EventDate "2011.08.26"]
[EventType "swiss"]
[EventRounds "5"]
[EventCountry "FIN"]
[SourceTitle "EXT 2022"]
[Source "ChessBase"]
[SourceDate "2021.10.06"]
[SourceVersion "1"]
[SourceVersionDate "2021.10.06"]
[SourceQuality "1"]

1. c4 Nf6 2. g3 c6 3. Bg2 d5 4. Nf3 dxc4 5. 0-0 Bf5 6. b3 cxb3 7. Qxb3 Qb6 8. d3 Nbd7 9. Qc2 e6 10. Nbd2 Be7 11. Nc4 Qa6 12. Bf4 0-0 13. Rab1 Nb6 14. Bd6 Bxd6 15. Nxd6 Rad8 16. Nxf5 exf5 17. Rfc1 Nfd5 18. Nd4 f4 19. Nb3 Nb4 20. Qd2 Qa3 21. Nc5 Nxa2 22. Rc2 fxg3 23. Rb3 gxf2+ 24. Kxf2 1-0

[Event "Lahti We LahS"]
[Site "Lahti"]
[Date "2011.??.??"]
[Round "5"]
[White "Manninen, Harri"]
[Black "Varpanen, Jan"]
[Result "1/2-1/2"]
[WhiteElo "2068"]
[BlackElo "1714"]
[PlyCount "23"]
[EventDate "2011.??.??"]
[EventType "swiss"]
[EventRounds "5"]
[EventCountry "FIN"]
[SourceTitle "EXT 2022"]
[Source "ChessBase"]
[SourceDate "2021.10.06"]
[SourceVersion "1"]
[SourceVersionDate "2021.10.06"]
[SourceQuality "1"]

1. d4 Nf6 2. c4 g6 3. Nc3 d5 4. Nf3 Bg7 5. Bg5 Ne4 6. cxd5 Nxg5 7. Nxg5 e6 8. Qd2 exd5 9. Qe3+ Kf8 10. Qf4 Bf6 11. h4 h6 12. Nxd5 1/2-1/2